000 00969nam a22001937a 4500
008 100628t xxu||||| |||| 00| 0 eng d
082 _222
_a004
_bح م و
100 _915364
_aحموده، عادل
245 _aمقدمة في الحاسب وتطبيقاته /
_cعادل حمودة؛ وداد المشعل؛ مراجعة نزيه الشايع
260 _aالكويت :
_bالجمعية الكويتية للدراسات والبحوث التخصصية، 2000
_c2000
300 _a289 ص :
_bصور، لو ؛
_c24 سم
504 _aببليوجرافية :ص 289
541 _aألف باء ؛
650 _915372
_aالحاسبات الالكترونية
700 _915365
_aالمشعل، وداد
700 _915366
_aالشايع، نزيه
_eمراجعة
942 _2ddc
_cBB
999 _c14258
_d14258